000 00684nam a22002057a 4500
003 OSt
005 20250417103443.0
008 220316b ||||| |||| 00| 0 eng d
020 _a9789353433703
040 _cKCST
082 _a338.8881724
_bPr Fo
100 _aPrahalad, C.K.
_9770
245 _aThe fortune at the bottom of the pyramid
_beradicating poverty through profits /
_cC.K. Prahalad
260 _bPearson;
_cc2010
300 _a360 p.
650 _aInternational business enterprises
_vSocial aspects
_xDeveloping countries.
_95650
650 _aNon-governmental organizations
_xDeveloping countries.
_95651
650 _aPoor
_xDeveloping countries.
_95652
942 _2ddc
_cBK
999 _c797
_d797